| 000 | 00000cas 2200000za 4500 |
| 001 | 9.845547 |
| 003 | CaOODSP |
| 005 | 20260303095111 |
| 007 | cr ||||||||||| |
| 008 | 171016c20119999oncqr p o f0 b0fre|d |
| 040 | |aCaOODSP|bfre |
| 043 | |an-cn--- |
| 086 | 1 |aJ44-4F-PDF |
| 110 | 1 |aCanada. |bCommissariat à la magistrature fédérale. |
| 245 | 10|aRapport financier trimestriel pour le trimestre ayant pris fin le ... |h[ressource électronique]. |
| 260 | |a[Ottawa] : |bCommissariat à la magistrature fédérale Canada, |c[2011]- |
| 310 | |aTrimestriel |
| 362 | 1 |aParaît depuis: 30 juin 2011. |
| 500 | |aPubl. aussi en anglais sous le titre : Quarterly financial report for the quarter ended … |
| 588 | |aDescription d'après : 30 juin 2011. |
| 588 | |aDernière livraison consultée : 30 juin 2019. |
| 692 | 07|2gccst|aGestion financière |
| 692 | 07|2gccst|aSystème judiciaire |
| 775 | 08|tQuarterly financial report for the quarter ended … |w(CaOODSP)9.845546 |
| 856 | 40|qHTML|sS.O.|uhttps://www.fja.gc.ca/publications/qfr-rft/index-fra.html |